Sociálny pracovník 2018 /

Gespeichert in:
Bibliographische Detailangaben
Körperschaft: Marian Medlen - JurisDat (Bratislava, Slovensko) (UrheberIn)
Weitere Verfasser: Medlen, Marian (ZusammenstellendeR, VerfasserIn eines Geleitwortes)
Format: Buch
Sprache:Slowakisch
Veröffentlicht: Bratislava : Marian Medlen - JurisDat, 2018
Schlagworte:
ISBN:9788097165970
Online-Zugang: Volltext
Tags: Tag hinzufügen
Keine Tags, Fügen Sie den ersten Tag hinzu!

MARC

LEADER 00000nam a2200000 4500
003 SK-BrCVT
005 20221110073929.0
006 a e l 000 0
008 181106s2018 xo e l 000 0slo#d
020 |a 9788097165970   |q (brož.) 
035 |a CVTIDW0068446 
040 |a CVT  |b slo  |c CVT  |e AACR2 
041 0 |a slo 
044 |a xo  |c SK 
080 |a 364.442.2  |2 2008 
110 2 |a Marian Medlen - JurisDat (Bratislava, Slovensko)  |4 org 
245 1 0 |a Sociálny pracovník 2018 /  |c [zostavil, výber právnych predpisov a dokumentov, úvod ku kapitolám, komentáre a poznámky: Marian Medlen] 
260 |a Bratislava :  |b Marian Medlen - JurisDat,  |c 2018 
300 |a 432 s. :  |b lit. ;  |c 21 cm 
653 1 |a sociálna práca 
653 1 |a sociálny pracovník 
655 7 |a zákony  |2 SNKPH  |9 35598 
700 1 |a Medlen, Marian  |4 com  |4 aui 
852 |a CVTISR  |b 1 
910 |b A627008 
919 |a 978-80-971659-7-0 
959 |a 02 
974 |a katarina.repata  |f Knihy 
992 |a IZA 
992 |a INA 
992 |a APP 
999 |c 262411  |d 262411